000 00770cam a22002533a 4500
001 5702
003 PGUSA
005 20140828083123.0
008 040501s2004||||xxu|||||s|||||000 1 eng d
040 _aPGUSA
_beng
042 _adc
050 4 _aPZ
100 1 _aLamprey, Louise,
_d1869-1951
245 1 0 _aMasters of the Guild
_h[electronic resource] /
_cLouise Lamprey
260 _bProject Gutenberg,
_c2004
506 _aPublic domain in the USA.
516 _aElectronic text
653 _aMiddle Ages -- Juvenile fiction
653 _aGuilds -- Juvenile fiction
653 _aGreat Britain -- History -- Medieval period, 1066-1485 -- Juvenile fiction
830 0 _aProject Gutenberg
_v5702
856 4 0 _uhttp://www.gutenberg.org/ebooks/5702
942 _cEB
999 _c235030
_d235030